All Maryland Cities on a Map - Statistics

General Stats
  • This quiz has been taken 67 times
  • The average score is 36 of 524
Answers on the Map
Answers color-coded by a green-red scale on the quiz's map according to % correct below.
 
Answer Stats
City Population % Correct
Baltimore 568,271
94%
Annapolis 40,689
77%
Frederick 89,537
74%
Hagerstown 43,909
65%
Ocean 10
65%
Salisbury 33,616
65%
Columbia 105,871
61%
Ocean City 6,884
58%
Bethesda 67,403
55%
Bowie 58,421
55%
College Park 34,667
55%
Cumberland 18,643
52%
Gaithersburg 70,686
52%
Laurel 30,238
52%
Silver Spring 82,129
52%
Bel Air 12,289
48%
Rockville 68,417
48%
Towson 57,683
48%
Ellicott City 73,737
45%
Germantown 90,521
42%
Aberdeen 18,451
39%
Cambridge 13,262
39%
Chevy Chase 12,411
39%
Dundalk 65,441
39%
North Bethesda 49,498
35%
Potomac 46,230
35%
Waldorf 82,541
35%
Berlin 5,349
32%
Catonsville 42,717
32%
Glen Burnie 72,772
32%
Easton 17,381
29%
Severn 58,041
29%
Westminster 20,662
29%
Elkton 15,977
26%
Takoma Park 17,856
26%
Essex 40,670
23%
Greenbelt 24,843
23%
Havre de Grace 15,222
23%
Hyattsville 21,052
23%
Olney 36,000
23%
Owings 2,475
23%
Bel Air South 57,702
19%
Chester 4,539
19%
Delmar 4,748
19%
Georgetown 43
19%
Kensington 2,155
19%
Landover 24,558
19%
Oakland 1,813
19%
Princess Anne 3,667
19%
Wheaton 52,172
19%
Beltsville 19,086
16%
Boonsboro 3,850
16%
Brunswick 9,015
16%
Clinton 38,756
16%
Frostburg 6,972
16%
Owings Mills 35,626
16%
Pocomoke City 4,426
16%
Severna Park 39,499
16%
Accident 332
13%
Burtonsville 10,063
13%
California 13,223
13%
Chesapeake Beach 6,504
13%
Fruitland 5,973
13%
Hancock 1,570
13%
Indian Head 4,247
13%
Lexington Park 13,419
13%
Linthicum 10,545
13%
Maryland City 18,669
13%
North East 4,191
13%
Ocean Pines 12,028
13%
Odenton 45,585
13%
Pasadena 32,717
13%
Perryville 4,510
13%
Poolesville 5,856
13%
Reisterstown 27,764
13%
Rising Sun 2,777
13%
Stevensville 8,693
13%
Suitland 24,667
13%
Williamsport 2,102
13%
Aspen Hill 53,752
10%
Bel Air North 31,599
10%
Brookeville 168
10%
Capitol Heights 4,038
10%
Charlestown 1,538
10%
Chestertown 5,702
10%
Cheverly 6,125
10%
Clarksburg 29,246
10%
Clear Spring 375
10%
Denton 5,049
10%
Federalsburg 2,871
10%
Fort Meade 10,477
10%
Franklin 356
10%
Garrett Park 1,004
10%
Glenmont 16,529
10%
Hebron 1,114
10%
Jefferson 2,891
10%
Jessup 9,147
10%
Langley Park 22,057
10%
La Plata 11,374
10%
Lutherville 6,670
10%
Marydel 178
10%
National 48
10%
National Harbor 4,418
10%
New Carrollton 13,645
10%
Oxon Hill 18,491
10%
Pikesville 34,253
10%
Pittsville 1,660
10%
Port Deposit 625
10%
Preston 688
10%
Sharpsburg 561
10%
Snow Hill 2,243
10%
South Laurel 27,736
10%
St. Michaels 1,073
10%
Sykesville 4,622
10%
Timonium 10,880
10%
Upper Marlboro 718
10%
Urbana 13,897
10%
White Marsh 10,480
10%
White Oak 16,458
10%
Arbutus 20,869
6%
Barton 457
6%
Bishopville 665
6%
Bladensburg 9,635
6%
Brandywine 10,989
6%
Burkittsville 145
6%
Cecilton 688
6%
Centreville 4,771
6%
Chesapeake City 745
6%
Colesville 14,075
6%
Crisfield 2,531
6%
Crofton 29,878
6%
Damascus 16,864
6%
Darnestown 6,835
6%
Deer Park 300
6%
District Heights 5,916
6%
Edgewood 25,170
6%
Emmitsburg 2,920
6%
Fairmount 357
6%
Fallston 9,954
6%
Fort Washington 25,843
6%
Friendsville 427
6%
Fulton 5,946
6%
Galestown 115
6%
Girdletree 66
6%
Grantsville 951
6%
Grasonville 3,431
6%
Halfway 10,974
6%
Highland 785
6%
Hurlock 2,093
6%
Joppatowne 13,397
6%
Keedysville 1,229
6%
Kingsville 4,790
6%
Kitzmiller 288
6%
Largo 11,753
6%
Laytonsville 586
6%
Leonardtown 5,041
6%
Lonaconing 987
6%
Manchester 5,440
6%
Mardela Springs 354
6%
Martin's Additions 950
6%
Middle River 31,616
6%
Mountain Lake Park 2,118
6%
Mount Airy 9,914
6%
Myersville 1,865
6%
North Laurel 25,201
6%
Oxford 601
6%
Parkville 30,423
6%
Prince Frederick 2,404
6%
Queen Anne 1,566
6%
Queenstown 737
6%
Riverdale Park 7,296
6%
Rock Hall 1,200
6%
Savage 8,284
6%
Seat Pleasant 4,518
6%
Sharptown 711
6%
Smithsburg 3,194
6%
Stockton 85
6%
Thurmont 6,308
6%
Trappe 1,472
6%
Union Bridge 946
6%
University Park 2,431
6%
Vienna 275
6%
Westernport 1,769
6%
West Laurel 4,231
6%
Willards 1,005
6%
Aberdeen Proving Ground 2,343
3%
Abingdon 5,727
3%
Accokeek 13,226
3%
Adamstown 2,381
3%
Adelphi 17,210
3%
Algonquin 1,027
3%
Allen 125
3%
Annapolis Neck 12,484
3%
Antietam 51
3%
Arnold 23,866
3%
Ashton-Sandy Spring 5,418
3%
Barclay 181
3%
Barnesville 145
3%
Berwyn Heights 3,325
3%
Betterton 283
3%
Bivalve 164
3%
Bloomington 165
3%
Brentwood 3,795
3%
Brookview 46
3%
Broomes Island 422
3%
Cabin John 2,096
3%
Camp Springs 22,174
3%
Cape St. Claire 9,016
3%
Carney 28,624
3%
Cavetown 909
3%
Chance 218
3%
Charlotte Hall 1,448
3%
Chevy Chase Section Five 684
3%
Chevy Chase Section Three 802
3%
Chevy Chase View 1,017
3%
Chevy Chase Village 2,071
3%
Chillum 35,163
3%
Church Creek 105
3%
Church Hill 831
3%
Cloverly 16,726
3%
Cobb Island 1,162
3%
Cockeysville 23,265
3%
Colmar Manor 1,586
3%
Cordova 427
3%
Cottage City 1,322
3%
Crellin 196
3%
Cresaptown 5,238
3%
Crownsville 1,701
3%
Darlington 349
3%
Dawson 42
3%
Deal Island 311
3%
Derwood 1,830
3%
Drum Point 3,219
3%
Dunkirk 2,319
3%
Eagle Harbor 67
3%
East New Market 407
3%
Edgewater 8,297
3%
Edmonston 1,609
3%
Eldersburg 30,626
3%
Eldorado 46
3%
Elkridge 26,183
3%
Elliott 18
3%
Forest Glen 6,650
3%
Forest Heights 2,639
3%
Four Corners 7,785
3%
Friendly 11,673
3%
Friendship 336
3%
Funkstown 858
3%
Galena 538
3%
Gambrills 2,862
3%
Garrison 10,449
3%
Glenarden 6,394
3%
Glen Echo 285
3%
Goldsboro 216
3%
Gorman 262
3%
Greensboro 1,969
3%
Hampstead 6,288
3%
Henderson 161
3%
Highfield-Cascade 1,079
3%
Hillsboro 135
3%
Hughesville 2,280
3%
Huntingtown 2,634
3%
Hutton 154
3%
Jarrettsville 2,629
3%
Jennings 17
3%
Kemp Mill 14,437
3%
Kent Narrows 444
3%
Konterra 3,212
3%
Lanham 11,956
3%
Layhill 5,392
3%
Leisure World 8,693
3%
Linganore 13,044
3%
Lisbon 140
3%
Loch Lynn Heights 483
3%
Luke 84
3%
Lusby 2,161
3%
Madison 145
3%
Maugansville 3,057
3%
Mayo 8,322
3%
Mays Chapel 15,616
3%
Mechanicsville 1,521
3%
Middletown 5,055
3%
Midland 476
3%
Millington 541
3%
Mitchellville 11,325
3%
Montgomery Village 34,161
3%
Morningside 1,235
3%
Moscow 273
3%
Mount Aetna 581
3%
Mount Rainier 8,269
3%
Mount Vernon 885
3%
Nanticoke 396
3%
New Market 1,609
3%
New Windsor 1,758
3%
North Beach 2,178
3%
North Brentwood 587
3%
North Chevy Chase 691
3%
Oldtown 75
3%
Parole 17,910
3%
Port Tobacco Village 21
3%
Powellville 213
3%
Redland 18,976
3%
Ridgely 1,646
3%
Robinwood 7,822
3%
Romancoke 1,705
3%
Rosedale 20,845
3%
Rosemont 269
3%
Scaggsville 10,441
3%
Seabrook 18,495
3%
Secretary 469
3%
Smith Island 340
3%
Solomons 2,180
3%
Somerset 1,203
3%
St. James 4,581
3%
Sudlersville 516
3%
Taneytown 8,293
3%
Templeville 114
3%
Tyaskin 79
3%
Walkersville 6,535
3%
Washington Grove 512
3%
West Ocean City 5,124
3%
Wildewood 7,765
3%
Woodland 56
3%
Woodlawn 47,697
3%
Woodsboro 1,114
3%
Andrews AFB 3,075
0%
Aquasco 672
0%
Arden on the Severn 1,691
0%
Baden 1,968
0%
Bagtown 226
0%
Ballenger Creek 25,866
0%
Baltimore Highlands 8,564
0%
Barrelville 103
0%
Bartonsville 2,760
0%
Beaver Creek 521
0%
Benedict 68
0%
Bensville 14,792
0%
Bier 72
0%
Big Pool 39
0%
Big Spring 23
0%
Bowleys Quarters 6,795
0%
Bowling Green 1,096
0%
Bowmans Addition 1,149
0%
Braddock Heights 2,606
0%
Breathedsville 346
0%
Brock Hall 13,400
0%
Brooklyn Park 15,799
0%
Brookmont 3,825
0%
Brown Station 3,918
0%
Brownsville 18
0%
Bryans Road 9,174
0%
Bryantown 359
0%
Buckeystown 1,317
0%
Burnt Mills 4,111
0%
Butlertown 522
0%
Callaway 1,087
0%
Calvert Beach 911
0%
Calverton 17,721
0%
Carlos 57
0%
Cearfoss 141
0%
Cedar Heights 1,748
0%
Cedarville 791
0%
Charlton 187
0%
Chesapeake Landing 465
0%
Chesapeake Ranch Estates 9,307
0%
Chewsville 299
0%
Choptank 114
0%
Clarysville 13
0%
Coral Hills 9,372
0%
Corriganville 754
0%
Croom 2,519
0%
Crumpton 299
0%
Dames Quarter 207
0%
Danville 282
0%
Dargan 135
0%
Deale 5,182
0%
Detmold 115
0%
Downsville 822
0%
East Riverdale 19,043
0%
Eckhart Mines 521
0%
Eden 790
0%
Edesville 39
0%
Edgemere 8,778
0%
Edgemont 156
0%
Ellerslie 516
0%
Ernstville 25
0%
Fairland 26,183
0%
Fairlee 259
0%
Fairmount Heights 1,522
0%
Fairplay 473
0%
Fairwood 8,108
0%
Ferndale 17,076
0%
Finzel 871
0%
Fishing Creek 179
0%
Flintstone 131
0%
Flower Hill 13,743
0%
Forestville 10,839
0%
Fountainhead-Orchard Hills 6,364
0%
Frenchtown-Rumbly 8
0%
Friendship Heights Village 3,991
0%
Galesville 1,206
0%
Gapland 9
0%
Garretts Mill 201
0%
Gilmore 392
0%
Glassmanor 17,687
0%
Glenn Dale 14,896
0%
Golden Beach 3,953
0%
Graceham 192
0%
Grahamtown 385
0%
Greensburg 172
0%
Green Valley 13,187
0%
Hampton 5,138
0%
Herald Harbor 2,507
0%
Highland Beach 107
0%
Hillandale 4,901
0%
Hillcrest Heights 15,670
0%
Honeygo 12,022
0%
Ilchester 27,552
0%
Indian Springs 8
0%
Jesterville 90
0%
Jugtown 93
0%
Kemps Mill 62
0%
Kennedyville 203
0%
Kettering 13,866
0%
Kingstown 1,836
0%
Klondike 85
0%
Lake Arbor 14,932
0%
Lake Shore 18,263
0%
Landover Hills 1,799
0%
Lansdowne 8,879
0%
La Vale 4,388
0%
Leitersburg 351
0%
Lewistown 329
0%
Libertytown 1,368
0%
Little Orleans 68
0%
Lochearn 27,591
0%
Long Beach 1,981
0%
Mapleville 440
0%
Marlboro Meadows 4,003
0%
Marlboro Village 9,200
0%
Marlow Heights 6,144
0%
Marlton 10,223
0%
Maryland Park 888
0%
McCoole 396
0%
Melwood 3,734
0%
Mercersville 233
0%
Midlothian 336
0%
Milford Mill 31,939
0%
Monrovia 2,924
0%
Mount Briar 115
0%
Mount Lena 380
0%
Mount Savage 462
0%
Nanticoke Acres 128
0%
Naval Academy 1,592
0%
Newark 347
0%
North Kensington 8,980
0%
North Potomac 23,994
0%
Overlea 12,430
0%
Paramount-Long Meadow 2,660
0%
Parsonsburg 170
0%
Pecktonville 132
0%
Peppermill Village 5,268
0%
Perry Hall 28,908
0%
Perryman 2,366
0%
Pinesburg 529
0%
Piney Point 1,171
0%
Pleasant Grove 254
0%
Pleasant Hills 3,955
0%
Point of Rocks 2,333
0%
Pomfret 670
0%
Pondsville 169
0%
Potomac Heights 1,102
0%
Potomac Park 974
0%
Pylesville 806
0%
Quantico 92
0%
Queensland 2,066
0%
Randallstown 35,975
0%
Rawlings 404
0%
Reid 101
0%
Ringgold 81
0%
Riva 4,798
0%
Riverside 6,149
0%
Riviera Beach 12,608
0%
Rock Point 163
0%
Rohrersville 141
0%
Rosaryville 12,206
0%
Rossville 15,088
0%
Sabillasville 350
0%
Sandy Hook 196
0%
San Mar 433
0%
Shady Side 4,460
0%
Shaft 298
0%
Silver Hill 5,068
0%
South Kensington 8,057
0%
Spencerville 1,433
0%
Springdale 4,476
0%
Spring Gap 40
0%
Spring Ridge 5,720
0%
St. George Island 38
0%
Still Pond 138
0%
St. Leonard 562
0%
Summerfield 15,635
0%
Tall Timbers 532
0%
Taylors Island 49
0%
Temple Hills 8,740
0%
Ten Mile Creek 1,180
0%
Tilghman Island 874
0%
Tilghmanton 267
0%
Tolchester 381
0%
Travilah 11,128
0%
Trego-Rohrersville Station 197
0%
Vale Summit 79
0%
Walker Mill 9,626
0%
West Denton 32
0%
Westphalia 12,020
0%
West Pocomoke 545
0%
Whaleyville 179
0%
Whitehaven 80
0%
Williston 302
0%
Wilson-Conococheague 1,614
0%
Woodmore 4,710
0%
Worton 137
0%
Yarrowsburg 64
0%
Zihlman 305
0%
No matching quizzes found
Score Distribution
Percent of People with Each Score
Percentile by Number Answered
Your Score History
You have not taken this quiz